繁華落盡見真淳
| 資料類型: | 圖書 | 書目號: | 40306 |
Leader xxxxxxxxxx 001 __ PCLIS00040306 005 __ 20070822120631.0 008 __ chi 010 0_ |a9570367342|b|dNT$50 042 __ |anbi9712ct01 090 __ |a(nbi)b76175571 100 __ |a20041103 m y0chib09 e 101 0_ |achi 200 1_ |a繁華落盡見真淳|e|f吳重德編撰 205 __ |a 210 __ |a台南市|c能仁|d93 215 0_ |a319面|c圖|d21公分 225 12 |a把這份情傳下去|v5 225 12 |a紮根教育系列叢書|vD028-4 300 __ |a 606 __ |a隨筆亦入此|2csh 681 __ |a855|b8445 700 __ |a吳重德|b|4編撰 702 __ |a|b|4 801 _0 |atw|bPTL|c20070822|gCCR|m4 801 _0 |atw|bTCC|c20041103|gCCR |